000 00381 a2200157 4500
003 Nust
005 20170207171532.0
040 _cNust
082 _a005.8
100 _aZulfiqar, Maj Rashid (MSIS-10)
245 _aDiscrete Fourier Transform Attack
_cMaj Rashid Zulfiqar,
260 _aRawalpindi
_bMCS,NUST
_c2015
300 _axi, 69 p
650 _aPG Thesis
651 _aMSIS-10
942 _cTHS
999 _c217076
_d217076